书目信息 |
| 题名: |
铁磁学
|
|
| 作者: | 戴道生 , 钱昆明 著 | |
| 分册: | 上册 | |
| 出版信息: | 北京 科学出版社 1987 |
|
| 页数: | 395页 | |
| 开本: | 20cm | |
| 丛书名: | 凝聚态物理学丛书 | |
| 单 册: | ||
| 中图分类: | O469 | |
| 科图分类: | ||
| 主题词: | 真空电子学 , 电子物理学 | |
| 电子资源: | ||
| ISBN: | 7-03-002847-3 | |
| 000 | 00656nam0 2200229 450 | |
| 001 | 0735592734 | |
| 005 | 20070906095312.73 | |
| 010 | @a7-03-002847-3@d¥26.00 | |
| 100 | @a20070906d km y0chiy0120 ea | |
| 101 | 0 | @achi |
| 200 | 1 | @a铁磁学@Atie ci xue@h上册@f戴道生,钱昆明著@Fdai dao sheng,qian kun ming zhu |
| 210 | @a北京@c科学出版社@d1987 | |
| 215 | @a395页@d20cm | |
| 225 | 2 | @a凝聚态物理学丛书 |
| 410 | 0 | @12001 @a凝聚态物理学丛书 |
| 606 | 0 | @a真空电子学 |
| 606 | 0 | @a电子物理学 |
| 690 | @aO469@v3 | |
| 701 | 0 | @a戴道生@Adai dao sheng@4著 |
| 701 | 0 | @a钱昆明@Aqian kun ming@4著 |
| 801 | 0 | @aCN@bPFT@c20070906 |
| 905 | @a213230@dO469@eP5:1@f1 | |
| 铁磁学.上册/戴道生,钱昆明著.-北京:科学出版社,1987 |
| 395页;20cm.-(凝聚态物理学丛书) |
| ISBN 7-03-002847-3:¥26.00 |
| ● |
| 相关链接 |
|
|
|
|
正题名:铁磁学
索取号:O469/P5:1
 
预约/预借
| 序号 | 登录号 | 条形码 | 馆藏地/架位号 | 状态 | 备注 |
| 1 | 7200828 | 272008285 | 密集书库-物理学院/ [索取号:O469/P5:1] | 在馆 |